| 000 | 01052nas a2200349 4500 | ||
|---|---|---|---|
| 001 | BR2012002845 | ||
| 003 | BR-BrBNA | ||
| 005 | 20231205120444.0 | ||
| 007 | ta | ||
| 008 | 230509b bl.|||p| |||| 00| 00por d | ||
| 040 |
_aBR-BrBNA _bpor _cBiblioteca Nacional de Agricultura |
||
| 041 | _a(Pt) | ||
| 072 | _aF70; M40 | ||
| 100 | 1 | _aCamargo, J.C. | |
| 100 | 1 | _aLoverde-Oliveira, S.M. | |
| 100 | 1 | _aSophia, M. da G. | |
| 100 | 1 | _aNogueira, F.M. de B. | |
| 245 | 1 | _aDesmídias perifíticas da baía do Coqueiro, Pantanal Matogrossense- Brasil | |
| 650 | _aALGA VERDE | ||
| 650 | _aEICHHORNIA AZUREA | ||
| 650 | _aEICHHORNIA CRASSIPES | ||
| 650 | _aMATO GROSSO | ||
| 650 | _aCÉLULA VEGETAL | ||
| 650 | _aTAXONOMIA VEGETAL | ||
| 650 | _aPLANÍCIE | ||
| 650 | _aLIMNOLOGIA | ||
| 650 | _aPLANTA AQUÁTICA | ||
| 650 | _aDISTRIBUIÇÃO GEOGRÁFICA | ||
| 773 | 0 |
_tIheringia. Série Botânica (Brazil) _xISSN 0073-4705 _g(Dec 2009), v. 64(2) p. 25-41 _wBR2012002845 |
|
| 909 |
_a202311 _bLúcia _c55 _dLúcia Elande |
||
| 942 |
_2AGRIS _n0 _cANA |
||
| 999 |
_c218592 _d218592 |
||